000 01316nam a2200325 i 4500
001 196589
003 ES-MaACL
005 20241016063116.0
007 ta
008 24100 s1986 esp 000 0 spa d
035 _aES-MaREB00659775-5
040 _aBR-EX
_bspa
_cES-MaACL
_dES-MaACL
100 _aRomero Barroso, Agustín
_eaut
_9239191
245 1 0 _aQuaderno de dexados /
_cAgustín Romero.
260 _a[Badajoz :
_bDiario Extremadura,
_c1986]
300 _a74 p. ;
_bil. n. ;
_c22 cm.
336 _2rdacontent
_atexto
337 _2rdamedia
_asin mediación
338 _2rdacarrier
_avolumen
490 1 _aNueva Extremadura
_v1
650 4 _916177
_aPoesía española-
_yS.XX
655 7 _2tgfbne
_9176539
_aPoesías
830 _aNueva Extremadura
_v1
_9239192
852 _aES-MaACL
_cDEPOF
_jFOLL-BUE-48
_gDedicatoria manuscrita del autor, Agustín Romero Barroso, para Antonio Buero Vallejo: "Para Antonio Buero Vallejo, que qué quiere que le diga de la luz... Con afecto [rúbrica], Llerena 6-12-86"
_hLegado: Antonio Buero Vallejo
_9204308
903 _932421
_aBuero Vallejo, Antonio,
_q1
_d1916-2000
_ednr
942 _n0
_cFOLLETOS
999 _c196589
_d196589